Narraciones y leyendas / (Registro nro. 9834)

Detalles MARC
000 -LIDER
fixed length control field 00747nam a22002657a 4500
001 - NÚMERO DE CONTROL
Identificador de número de control 00261
003 - IDENTIFICACDOR DE NÚMERO DE CONTROL
control field DO-SdBNP
005 - DATE AND TIME OF LATEST TRANSACTION
control field 20180223140655.0
007 - CAMPOS FIJOS DE DESCRIPCIÓN FÍSICA
fixed length control field 00261
008 - ELEMENTOS DE LONGITUD FIJA
fixed length control field 151209b 1979 sp |||| |||| 00| 0 spa d
020 ## - ISBN
International Standard Book Number 8434804085
040 ## - FUENTE DE CATALOGACIÓN
Agencia que crea de manera original el registro BPMSU
Idioma de catalogación spa
Agencia que realiza la transcripción BPMSU
092 ## - LOCALLY ASSIGNED DEWEY DECIMAL CALL NUMBER
Número de clasificación xxxxx
Número de ítem (Cutter) xxxxx
100 1# - ASIENTO PRINCIPAL -- NOMBRE PERSONAL
Nombre personal Espiñeira de la Torre, Ramona
Fechas asociadas con el nombre
245 10 - MENCIÓN DE TITULO
Título Narraciones y leyendas /
Mención de responsabilidad Ramona Espiñeira de la Torre ; ilustraciones Julio Montañés
260 ## - PUBLICACIÓN, DISTRIBUCIÓN, ETC. (PIE DE IMPRENTA)
Lugar de publicación, distribución, etc Madrid :
Nombre del editor, distribuidor, etc. SM,
Fecha de publicación, distribución, etc 1979
300 ## - DESCRIPCIÓN FÍSICA
Extensión 221 p. ;
Dimensiones 19 cm.
490 ## - MENCIÓN DE SERIES
Mención de serie Biblioteca de Oro Juvenil
700 ## - ASIENTO SECUNDARIO -- NOMBRE PERSONAL
Nombre personal Montañés, Julio
Mención de responsabilidad il.
830 #0 - ASIENTO SECUNDARIO DE SERIE--TÍTULO UNIFORME
Título uniforme
910 ## - VALIDACIÓN
Validación
942 ## - ADDED ENTRY ELEMENTS (KOHA)
Source of classification or shelving scheme Dewey Decimal Classification
Koha item type Libros
945 ## - INFORMACIÓN DE PROCESAMIENTO LOCAL
Información de procesamiento local Inventariado, 2018 / BT
956 ## - LOCAL ELECTRONIC LOCATION AND ACCESS (OCLC)
Nombre de host VMATEO
Número de acceso 10
Método de acceso 20160418
Materiales especificados BPMSU
Enlace 0069
Existencias
Withdrawn status Lost status Source of classification or shelving scheme Damaged status Not for loan Collection code Home library Current library Date acquired Source of acquisition Total Checkouts Barcode Date last seen Price effective from Koha item type
    Dewey Decimal Classification     Colección Infantil General Biblioteca Pública Metropolitana Salomé Ureña Biblioteca Pública Metropolitana Salomé Ureña 04/18/2016 FUNDI   BPMSU16040533 04/18/2016 04/18/2016 Libros